000 01011nam a22002417a 4500
999 _c19449
_d19449
003 AR-CdUCM
008 190328b ||||| |||| 00| 0 spa d
040 _aMUNICIPALIDAD PROVINCIAL DEL CUSCO
_cBIBLIOTECA MUNICIPAL DEL CUSCO
041 _hfre
082 _22ed.
_a914.7 /
_bB24
100 _aBarbusse, Henri
_926016
245 _aRusia /
260 _aSantiago de Chile :
_bOsiris,
_c1933.
300 _a141 páginas ;
_c19 cm.
440 _aColección mundo nuevo.
_nBiblioteca de ideas y estudios contemporanes.
_n1
_926017
505 _aContenido : Síntesis -- Impresiones de un congreso -- El drama de la tierra y del trigo en la Unión Soviética -- El hombre más viejo del mundo -- La casa montaña -- Los restos de la feria de Nijni - La áspera y dulce Crimea -- Decoraciones del Paraíso terrenal ...
650 _aRusia
_9499
650 _aHistoria
_9136
650 _aSituación social
_94545
700 _aPasto, Angel (traductor)
_940781
942 _2ddc
_cLIBROS
945 _aacv
_d2019-05-17